Pharmaceutical Residues in Freshwater Hazards and Policy Responses

Saved in:
Bibliographic Details
Format: Book
Language:English
Published: Paris OECD 2019
Series:OECD Studies on Water
Subjects:
Tags: Add Tag
No Tags, Be the first to tag this record!

MARC

LEADER 00000nam a2200000 4500
001 0267120
005 20221220065048.7
020 |a 978-92-64-77633-3 
041 0 |a eng 
044 |a FR 
245 1 0 |a Pharmaceutical Residues in Freshwater  |b Hazards and Policy Responses 
264 1 |a Paris  |b OECD  |c 2019 
300 |a 134 s. 
490 1 |a OECD Studies on Water 
830 0 |a OECD Studies on Water 
610 2 0 |a voda 
610 2 0 |a liečivá 
610 2 0 |a prostredie životné 
610 2 0 |a politika 
610 2 0 |a porovnanie štatistické